000 00353nam a2200133 i 4500
001 bg
245 0 _aSystem maszyn rolniczych.
_nCz. 12,
_pProdukcja roślin przemysłowych : len, konopie, tytoń, chmiel.
250 _aWyd.7.
260 _aWarszawa,
_c1988.
040 _cBPK
041 _apol
942 _cKS
008 s pl f |000 0 pol
999 _c3943
_d3943
856 _uhttp://koha.tu.koszalin.pl/cgi-bin/koha/opac-detail.pl?biblionumber=3943
_yKatalog online BPK